000 00315nam a2200133Ia 4500
005 20251222144751.0
008 251222s9999||||xx |||||||||||||| ||spa||
020 _a84-7651-703-3
082 _a940.1/P43
100 _aPernoud, Régine
245 0 _aPara Acabar con la Edad Media
250 _a2a.ed.
942 _cLIB
999 _c19345
_d19345